000
00315pab a2200109 454500
008
180718b xxu||||| |||| 00| 0 eng d
100
_a
Mukhopadhyay, Lipi
245
_a
Himachal: in the pastures of the north
650
_a
Tribes And Tribal Systems - India - Himachal Pradesh
773
_a
Social Welfare
909
_a
24584
999
_c
24584
_d
24584